Pacto comissr̤io e pacto marciano no sistema brasileiro de garantias

Detalles Bibliográficos
Autor principal: Do Rg̊o Monteiro Filho, Carlos Edison
Formato: eBook
Lenguaje:portugués
Publicado: Rio de Janeiro: Editora Processo, 2017
Materias:
Acceso en línea:Acceso restringido

MARC

LEADER 00000nam a22000007a 4500
005 20220817014534.0
007 cr|||| ||||
008 220817s2017 br |||||s|||| 00||0 por d
020 |a 978-85-93741-12-8 
035 |a 36840 
040 |a vLex 
090 |c 13718  |d 13718 
100 1 |a Do Rg̊o Monteiro Filho, Carlos Edison 
245 1 0 |a Pacto comissr̤io e pacto marciano no sistema brasileiro de garantias  |h [Recurso electrn̤ico] /  |c Carlos Edison Do Rg̊o Monteiro Filho 
256 |a Servicio en ln̕ea 
260 |a Rio de Janeiro:  |b Editora Processo,  |c 2017 
300 |a 1 recurso electrn̤ico 
500 |a Esta obra se prope̳ a demonstrar o merecimento de tutela do pacto marciano no direito brasileiro. Para tal desiderato, partiu-se da anl̀ise da clùsula comissr̤ia e seus fundamentos de proscriȯ̂, identificados aqui como a sn̕tese conclusiva entre tutela da vulnerabilidade, vedaȯ̂ ao enriquecimento sem causa e interesse social na nô difusô do pacto comissr̤io, a revelar desvio funcional das garantias prestadas. ° luz da historicidade e da relatividade dos institutos jurd̕icos, a razô da proibiȯ̂ no direito civil contemporńeo, merc ̊da tb̀ua axiolg̤ica constitucional, passa a propender ̉tutela da solidariedade constitucional, eis que esta rejeita o desequilb̕rio disfuncional. A clùsula marciana, por sua vez, por possibilitar que a aquisiȯ̂ da coisa dada em garantia pelo credor seja precedida de justa avaliaȯ̂, denota efeito salvf̕ico da nulidade do pacto comissr̤io. 
506 1 |a Disponible solo en los productos indicados  |d vLex Global  |d vLex Global (Academic Edition, excluding Law Schools)  |d vLex Global (U.S. Academic Edition, Law Schools)  |d vLex Global (U.S. Academic Edition, excluding Law Schools)  |d vLex Global (Academic Edition, Law Schools) 
650 0 4 |a Derecho Civil  |z Brasil 
740 0 |a vLex Libros (Servicio en ln̕ea) 
856 4 0 |u https://app.vlex.com/#/sources/36840  |z Acceso restringido 
942 |c BOOK 
999 0 |a Civil Law